| 000 | 01208nam a22002537a 4500 | ||
|---|---|---|---|
| 001 | 19404 | ||
| 003 | BD-RjUL | ||
| 005 | 20211209000428.0 | ||
| 008 | 140224s19481937uk ||||| |||| 00| 0 eng d | ||
| 020 | _a 9780878300013 | ||
| 020 | _a0878300015 | ||
| 035 | _a(BD-RjUL)19464 | ||
| 040 |
_aBD-RjUL _beng _cBD-RjUL _dBD-RjUL |
||
| 041 | _aeng | ||
| 082 |
_a808.8245 _bSTA 1948 |
||
| 100 |
_a Stanislavsky , Konstantin. _qKonstantin Stanislavsky _959652 |
||
| 245 |
_aAn actor prepares / _cKonstantin Stanislavsky |
||
| 260 |
_aNew York : _bTheatre Arts Books, _c1948. |
||
| 300 |
_axx, 295 p. : _bill. ; _c23 cm. |
||
| 500 | _aExplains the art of acting in semi-fiction form. Translation of pt. 2 of Rabota aktera nad soboĭ. | ||
| 520 | _aThis work is the first volume of Stanislavski's trilogy on the art of acting. Fusing psychological realism and expressionism, his exploratory exercises teach actors to evoke past emotions that draw out their vulnerability. Stanislavski here introduces such concepts as the "magic if," "emotion memory," the "unbroken line" and many more now famous rehearsal aids. This classic manual is written from the viewpoint of | ||
| 650 |
_aActing _9185166 |
||
| 942 |
_2ddc _cBK |
||
| 999 |
_c19404 _d19404 |
||